00459 2200169 4500001002100000005001700021008004100038035002400079082001200103090001800115100001600133245002700149260005500176300002100231650002500252990001200277YOGYA-0512000000021520120503231953.0 ind  0010-051200000000215 a839.313 a839.313 Bau B aBAUM, Vicki aBallerinacVicki Baum. a[s.l]bNederlandse Boekenclub-S'-Gravenhagec1958. a379 hlm.c21 cm. aKesusastraan Belanda a12123-a